Geography of India (Record no. 212071)
[ view plain ]
| 000 -LEADER | |
|---|---|
| fixed length control field | 00544nam a2200217Ia 4500 |
| 003 - CONTROL NUMBER IDENTIFIER | |
| control field | OSt |
| 005 - DATE AND TIME OF LATEST TRANSACTION | |
| control field | 20250609145811.0 |
| 008 - FIXED-LENGTH DATA ELEMENTS--GENERAL INFORMATION | |
| fixed length control field | 210719s2020 xx 000 0 und d |
| 020 ## - INTERNATIONAL STANDARD BOOK NUMBER | |
| International Standard Book Number | 978-93-90185-71-9 |
| 040 ## - CATALOGING SOURCE | |
| Transcribing agency | AL |
| 041 ## - LANGUAGE CODE | |
| Language code of text/sound track or separate title | eng |
| 082 ## - DEWEY DECIMAL CLASSIFICATION NUMBER | |
| Classification number | 915.4 HUSG |
| 100 ## - MAIN ENTRY--PERSONAL NAME | |
| Personal name | HUSAIN (Majid) |
| 9 (RLIN) | 61935 |
| 245 ## - TITLE STATEMENT | |
| Title | Geography of India |
| 250 ## - EDITION STATEMENT | |
| Edition statement | 9 |
| 260 ## - PUBLICATION, DISTRIBUTION, ETC. | |
| Place of publication, distribution, etc. | Chennai |
| Name of publisher, distributor, etc. | McGraw Hill Education (India) Private Limited |
| Date of publication, distribution, etc. | 2020 |
| 300 ## - PHYSICAL DESCRIPTION | |
| Extent | xxx,896 |
| Other physical details | PB |
| 365 ## - TRADE PRICE | |
| Price amount | 745 |
| Currency code | Rs |
| 906 ## - LOCAL DATA ELEMENT F, LDF (RLIN) | |
| a | 9 ; Ed ; Geography ; India |
| 942 ## - ADDED ENTRY ELEMENTS (KOHA) | |
| Source of classification or shelving scheme | Dewey Decimal Classification |
| Koha item type | Reference |
| Withdrawn status | Lost status | Source of classification or shelving scheme | Damaged status | Not for loan | Collection code | Home library | Current library | Shelving location | Date acquired | Source of acquisition | Cost, normal purchase price | Total Checkouts | Full call number | Barcode | Date last seen | Cost, replacement price | Price effective from | Koha item type |
|---|---|---|---|---|---|---|---|---|---|---|---|---|---|---|---|---|---|---|
| Dewey Decimal Classification | Reference Book | Political Science | St Aloysius Library | St Aloysius Library | Reference Section | 03/16/2021 | Sapna Book House Pvt Ltd, K S Rao Road, Mangalore-575001 | General Annual | 745.00 | 915.4 HUSG | 074885 | 07/19/2021 | 596.00 | 07/19/2021 | Reference |